I, Anupam/ (Record no. 167080)

MARC details
000 -LEADER
fixed length control field 00651nam a22001937a 4500
010 ## - LCCN (DPL NO)
LC control number ENG-126259
020 ## - INTERNATIONAL STANDARD BOOK NUMBER
Terms of availability 395.00
International Standard Book Number 978-93-86906-86-1
035 ## - SYSTEM CONTROL NUMBER
System control number EN-109791
037 ## - SOURCE OF ACQUISITION
Source of stock number/acquisition DBAD/PUB
082 ## - DEWEY DECIMAL CLASSIFICATION NUMBER
Classification number N
100 ## - MAIN ENTRY--PERSONAL NAME
Personal name Sen,Nabaneeta Dev
245 ## - TITLE STATEMENT
Title I, Anupam/
Statement of responsibility, etc by Nabaneeta Dev Sen ;Translated by Paulami Sengupta [and] Tias Basu
260 ## - PUBLICATION, DISTRIBUTION, ETC. (IMPRINT)
Place of publication, distribution, etc New Delhi
Name of publisher, distributor, etc Niyogi books
Date of publication, distribution, etc 2019
270 ## - ADDRESS
Address Block D, Building No. 77, Okhla Industrial Area, Phase -I,
City New Delhi
Postal code 110020
Telephone number 91-11-26816301,26818960
Electronic mail address niyogibooksindia@gmail.com
300 ## - PHYSICAL DESCRIPTION
Extent 195p.
Dimensions 22cm(hb)
Other physical details ill
700 ## - ADDED ENTRY--PERSONAL NAME
Personal name Sengupta,Paulami
700 ## - ADDED ENTRY--PERSONAL NAME
Personal name Basu,Tias
942 ## - ADDED ENTRY ELEMENTS (KOHA)
Source of classification or shelving scheme Dewey Decimal Classification
Item type English Books
Classification part N
Call number suffix SEN
Holdings
Withdrawn status Lost status Not for loan Collection code Home library Current library Date acquired Source of acquisition Cost, normal purchase price Full call number Barcode Copy number Cost, replacement price Koha item type
      Non-fiction Ashok Vihar Ashok Vihar 21/08/2019 DBAD/PUB 395.00 N SEN EN-109791 1 395.00 English Books

© Delhi Public Library
Hit Counter
free hit counter